[Event "Bronshoj BSM IM 2012"]
[Site "Copenhagen DEN"]
[Date "2012.06.04"]
[Round "6.3"]
[White "Schou-Moldt, Thomas"]
[Black "Joie, Sebastien"]
[Result "1/2-1/2"]
[BlackTitle "FM"]
[WhiteElo "2210"]
[BlackElo "2298"]
[WhiteFideId "1401297"]
[BlackFideId "650420"]
[EventDate "2012.06.01"]

1. e4 e5 2. Nf3 Nc6 3. Bc4 Nf6 4. d3 Be7 5. c3 O-O 6. Bb3 d6 7. Nbd2 Na5 8. Bc2
c5 9. a3 Qc7 10. b4 Nc6 11. b5 Nd8 12. Nc4 d5 13. Ne3 d4 14. cxd4 cxd4 15. Nf1
Bd7 16. Rb1 Rc8 17. Ba4 Ne6 18. N1d2 Nf4 19. O-O Nxd3 20. Nb3 Nxc1 21. Rxc1 Qb8
22. Qd3 Rxc1 23. Nxc1 Rc8 24. Ne2 Qd6 25. Ra1 Be6 26. Nexd4 Ne8 27. b6 axb6 28.
Bxe8 exd4 29. Bb5 Bf6 30. e5 Bxe5 31. Ng5 g6 32. Nxe6 fxe6 33. g3 Qd5 34. Re1
Bf6 35. Qe2 Kf7 36. a4 Rc3 37. Bd3 Ke7 38. h4 Kd6 39. Rb1 Kc7 40. a5 b5 41. Kh2
Rc5 42. Be4 Qh5 43. Bf3 Qe5 44. Qd2 Qf5 45. a6 Qxb1 46. Qf4+ Kb6 47. axb7 Be5
48. Qxe5 Rxe5 49. b8=Q+ Ka5 50. Qxe5 Qf5 51. Qc7+ Kb4 52. Kg2 d3 53. Qxh7 d2 54.
Qe7+ Kc3 55. Qa3+ Kc2 56. Qa2+ Kc1 57. Qa1+ Qb1 58. Qa3+ Qb2 59. Qc5+ Qc2 60.
Qxb5 d1=Q 61. Bxd1 Kxd1 62. Qd7+ Kc1 63. Qxe6 Kb1 64. Qd5 Ka1 65. g4 Kb2 66.
Qd4+ Ka2 67. Qf4 Ka1 68. Qd4+ Ka2 69. Kg3 Qc7+ 70. Qf4 Qc3+ 71. Qe3 Qc7+ 72. f4
Kb1 73. Kf3 Qf7 74. f5 gxf5 75. Qd3+ Ka1 76. Qxf5 Qb3+ 77. Kf4 Qc4+ 78. Ke5 Qc5+
79. Kf6 Qf8+ 80. Kg5 Qg7+ 81. Qg6 Qe5+ 82. Kh6 Qh8+ 83. Qh7 Qf6+ 84. Kh5 Qe5+
85. g5 Qe8+ 86. Qg6 Qh8+ 87. Kg4 Qd4+ 88. Kf5 Qxh4 89. Qf6+ Ka2 90. g6 Qh3+ 91.
Ke5 Qe3+ 92. Kd6 Qb6+ 93. Ke7 Qc7+ 94. Kf8 Qc8+ 95. Kf7 Qd7+ 96. Qe7 Qf5+ 97.
Kg7 Kb1 98. Qb4+ Ka1 99. Qb6 Qd7+ 100. Kf6 Qd2 101. g7 Qc3+ 102. Kg6 Qc2+ 103.
Kg5 Qd2+ 104. Kg6 Qc2+ 105. Kf7 Qb3+ 106. Qe6 Qb7+ 107. Kg6 Qg2+ 108. Kf6 Qf3+
109. Ke7 Qb7+ 110. Qd7 Qe4+ 111. Kd6 Qb4+ 112. Kc7 Qa5+ 113. Kb7 Qb4+ 114. Ka6
Qc4+ 115. Ka7 Qa2+ 116. Kb7 Qb3+ 117. Ka8 Qg8+ 118. Ka7 Qa2+ 119. Kb6 Qb3+ 120.
Kc7 Qc4+ 121. Kd6 Qb4+ 122. Ke5 Qe1+ 123. Kf5 Qf1+ 124. Kg5 Qg2+ 125. Qg4 Qd5+
126. Kh6 Qh1+ 127. Kg6 Qc6+ 128. Kg5 Qd5+ 129. Qf5 Qg2+ 130. Kf6 Qc6+ 131. Qe6
Qf3+ 132. Kg6 Qg2+ 133. Kf7 Qb7+ 134. Kf8 Qf3+ 135. Qf7 Qa8+ 136. Ke7 Qb7+ 137.
Ke6 Qb3+ 138. Kf6 Qf3+ 139. Kg6 Qg2+ 140. Kh6 Qh1+ 141. Qh5 Qc6+ 142. Kh7 Qe4+
143. Kh8 Qd4 144. Qh1+ Ka2 145. Qa8+ Kb1 146. Qb7+ Ka1 147. Qa6+ Kb2 148. Kh7
Qh4+ 149. Kg6 Qg4+ 150. Kf7 Qd7+ 151. Kf6 1/2-1/2

[Event "Bronshoj BSM IM 2012"]
[Site "Copenhagen DEN"]
[Date "2012.06.04"]
[Round "6.4"]
[White "Vesterli, Michael E."]
[Black "Akdag, Dara"]
[Result "0-1"]
[WhiteElo "2030"]
[BlackElo "2264"]
[WhiteFideId "1417339"]
[BlackFideId "1413406"]
[EventDate "2012.06.01"]

1. d4 Nf6 2. c4 c5 3. d5 e6 4. Nc3 exd5 5. cxd5 g6 6. e4 d6 7. Nf3 Bg7 8. h3 a6
9. a4 Nbd7 10. Bd3 Nh5 11. Bg5 Bf6 12. Bh6 Bg7 13. Bg5 Bf6 14. Bh6 Ne5 15. Be2
Bg7 16. Bxg7 Nxf3+ 17. Bxf3 Nxg7 18. O-O O-O 19. Re1 Re8 20. g4 Qh4 21. Bg2 h5
22. f3 Bd7 23. Qd2 b5 24. Qf4 Qe7 25. g5 bxa4 26. Qf6 Qf8 27. f4 h4 28. Bf3 Reb8
29. Nxa4 Rb3 30. Nxc5 dxc5 31. Ra3 Rxa3 32. bxa3 Qd8 33. e5 Ne8 34. Qxd8 Rxd8
35. Rc1 Rc8 36. Be2 Kf8 37. Bxa6 Ra8 38. Bb7 Ra5 39. Kg2 Ng7 40. Bc6 Bxc6 41.
dxc6 Ne6 42. Kf3 Nd4+ 43. Ke4 Nxc6 44. f5 gxf5+ 45. Kxf5 Ne7+ 46. Kf6 Ra6+ 0-1

[Event "Bronshoj BSM IM 2012"]
[Site "Copenhagen DEN"]
[Date "2012.06.04"]
[Round "6.5"]
[White "Haubro, Martin"]
[Black "Kristensen, Kaare"]
[Result "1-0"]
[BlackTitle "FM"]
[WhiteElo "2092"]
[BlackElo "2328"]
[WhiteFideId "1414291"]
[BlackFideId "1400940"]
[EventDate "2012.06.01"]

1. e4 c5 2. c3 g6 3. Nf3 Bg7 4. d4 cxd4 5. cxd4 d5 6. exd5 Nf6 7. Bc4 O-O 8. O-O
Nxd5 9. Re1 Nb6 10. Bb3 Bg4 11. h3 Bxf3 12. Qxf3 Nc6 13. Nc3 Qxd4 14. Bg5 Qb4
15. Rad1 h6 16. Re4 Qc5 17. Be3 Qa5 18. Rh4 g5 19. Rh5 Ne5 20. Qe4 Ned7 21. Bxg5
Nf6 22. Bxf6 Qxh5 23. g4 Qxh3 24. Bc2 1-0

[Event "Bronshoj BSM IM 2012"]
[Site "Copenhagen DEN"]
[Date "2012.06.04"]
[Round "7.1"]
[White "Kristensen, Kaare"]
[Black "Matthiesen, Arne"]
[Result "1/2-1/2"]
[WhiteTitle "FM"]
[BlackTitle "FM"]
[WhiteElo "2328"]
[BlackElo "2337"]
[WhiteFideId "1400940"]
[BlackFideId "1403524"]
[EventDate "2012.06.01"]

1. c4 e5 2. Nc3 Nf6 3. g3 c6 4. Qa4 Be7 5. Nf3 d6 6. Bg2 O-O 7. d3 Nbd7 8. O-O
a6 9. Bd2 Nc5 10. Qc2 a5 11. d4 exd4 12. Nxd4 Re8 13. Rfd1 Qb6 14. Be1 Bf8 15.
Nb3 Be6 16. Nxc5 Qxc5 17. b3 Bf5 18. Qd2 Ne4 19. Qf4 Qe5 20. Qxe5 Rxe5 21. g4
Nxc3 22. Bxc3 Bxg4 23. Bxe5 dxe5 24. a4 Be6 25. Bf3 f5 26. e3 Bc5 27. Kg2 Kf8
28. h3 Ke7 29. Ra2 g6 30. Kg3 Bb4 31. Rb2 Ra6 32. Rbb1 Bc5 33. Be2 Ra8 34. Bf3
Rf8 35. Kg2 g5 36. Rb2 Bb4 37. e4 f4 38. Bg4 Bc3 39. Rc2 Bd4 40. Bxe6 Kxe6 41.
Kf3 h5 42. Rg1 Kf6 43. Rd2 c5 44. Rdd1 Rg8 45. Rg2 Rh8 46. Rdg1 Rg8 47. Ke2 Rg6
48. Rd1 b6 49. f3 h4 1/2-1/2

[Event "Bronshoj BSM IM 2012"]
[Site "Copenhagen DEN"]
[Date "2012.06.04"]
[Round "7.3"]
[White "Joie, Sebastien"]
[Black "Vesterli, Michael E."]
[Result "1-0"]
[WhiteTitle "FM"]
[WhiteElo "2298"]
[BlackElo "2030"]
[WhiteFideId "650420"]
[BlackFideId "1417339"]
[EventDate "2012.06.01"]

1. Nf3 Nf6 2. g3 d5 3. Bg2 c5 4. O-O Nc6 5. d4 cxd4 6. Nxd4 e6 7. c4 Bc5 8. Nb3
Be7 9. cxd5 Nxd5 10. e4 Ndb4 11. Nc3 O-O 12. a3 Nd3 13. Be3 Nde5 14. Qe2 Qd3 15.
Qxd3 Nxd3 16. Rab1 Bf6 17. Na4 b5 18. Nac5 Nxc5 19. Bxc5 e5 20. Bxf8 Kxf8 21.
Rbc1 Nd8 22. Rfd1 Rb8 23. Nc5 Ke8 24. Nd3 Ne6 25. Bh3 Ke7 26. Bxe6 Bxe6 27. Rc7+
Ke8 28. Nc5 Bg4 29. Rd5 Rc8 30. Rxa7 Be7 31. Rxe5 Rxc5 32. Raxe7+ Kd8 33. Re8+
Kd7 34. Rxc5 1-0

[Event "Bronshoj BSM IM 2012"]
[Site "Copenhagen DEN"]
[Date "2012.06.04"]
[Round "7.4"]
[White "Semcesen, Daniel"]
[Black "Schou-Moldt, Thomas"]
[Result "1-0"]
[WhiteTitle "IM"]
[WhiteElo "2461"]
[BlackElo "2210"]
[WhiteFideId "1706993"]
[BlackFideId "1401297"]
[EventDate "2012.06.01"]

1. d4 Nf6 2. c4 g6 3. Nc3 Bg7 4. e4 d6 5. h3 O-O 6. Nf3 e5 7. d5 Na6 8. Bg5 Qe8
9. g4 Kh8 10. Be2 Nc5 11. Nd2 Bd7 12. h4 a5 13. h5 Ng8 14. Be3 g5 15. Bxg5 c6
16. Be3 Bxg4 17. Bxg4 Nd3+ 18. Kf1 Nh6 19. Bf5 b5 20. Qf3 Nxb2 21. Rg1 Rg8 22.
Rb1 b4 23. Ne2 Na4 24. Rg3 Nc3 25. Nxc3 bxc3 26. Bxh6 Bxh6 27. Rxg8+ Qxg8 28.
Qxc3 cxd5 29. cxd5 Qg5 30. Nf3 Qxh5 31. Ke2 a4 32. Qa1 f6 33. Rh1 Qe8 34. Rxh6
Qb5+ 35. Kd2 Ra7 36. Qc3 Qb8 37. Qc8+ Kg7 38. Rxh7# 1-0

[Event "Bronshoj BSM IM 2012"]
[Site "Copenhagen DEN"]
[Date "2012.06.04"]
[Round "7.5"]
[White "Nilssen, John Arni"]
[Black "Ninov, Nikolai"]
[Result "1/2-1/2"]
[WhiteTitle "IM"]
[BlackTitle "IM"]
[WhiteElo "2389"]
[BlackElo "2471"]
[WhiteFideId "7200137"]
[BlackFideId "2900424"]
[EventDate "2012.06.01"]

1. d4 Nf6 2. c4 e6 3. Nc3 Bb4 4. g3 d5 5. Nf3 dxc4 6. Bg2 Bd7 7. Ne5 Bc6 8. Nxc6
Nxc6 9. O-O Qd7 10. Qa4 Nd5 11. Nxd5 exd5 12. e4 Be7 13. exd5 Nb4 14. Qxd7+ Kxd7
15. Bd2 Nd3 16. b3 cxb3 17. axb3 Bb4 18. Bh3+ Kd8 19. Bg5+ Be7 20. Bd2 Bb4 21.
Bg5+ Be7 22. Bd2 Bb4 1/2-1/2

[Event "Bronshoj BSM IM 2012"]
[Site "Copenhagen DEN"]
[Date "2012.06.05"]
[Round "8.1"]
[White "Haubro, Martin"]
[Black "Joie, Sebastien"]
[Result "1/2-1/2"]
[BlackTitle "FM"]
[WhiteElo "2092"]
[BlackElo "2298"]
[WhiteFideId "1414291"]
[BlackFideId "650420"]
[EventDate "2012.06.01"]

1. e4 e5 2. Nf3 Nc6 3. Bc4 Nf6 4. d3 h6 5. O-O d6 6. Re1 g6 7. a4 Bg7 8. c3 O-O
9. Nbd2 Qe7 10. Nf1 Be6 11. Bxe6 Qxe6 12. Ng3 Rad8 13. a5 d5 14. Qa4 b6 15. axb6
axb6 16. exd5 Rxd5 17. Qc2 Qd7 18. Ne4 Nh7 19. d4 f5 20. Ng3 exd4 21. Bd2 d3 22.
Qc1 Na5 23. Qd1 Nc4 24. b3 Nxd2 25. Qxd2 Rc5 26. Rac1 b5 27. Red1 Rd8 28. Ne1
Nf6 29. Qe3 Rd5 30. c4 bxc4 31. bxc4 Rd4 32. Nf3 Ng4 33. Qd2 Rd6 34. h3 Nf6 35.
Ne5 Qe8 36. c5 Rd5 37. Nf3 Qa4 38. Ra1 Qb5 39. Ra5 Qc6 40. Qa2 Kh7 41. Qc4 Qe6
42. Rxd3 c6 43. Rxd5 Qxd5 44. Qf4 Ne4 45. Qe3 Qd3 46. Qxd3 Rxd3 47. Ra6 Rd1+ 48.
Nf1 g5 49. g4 fxg4 50. hxg4 Bf8 51. Rxc6 Bxc5 52. Kg2 Rd5 53. Ng3 Nxg3 54. Kxg3
Bd6+ 55. Kg2 Bf4 56. Ra6 Bd6 57. Rc6 Kg7 58. Ra6 Kf6 59. Ra8 Kg6 60. Ra6 h5 61.
gxh5+ Kxh5 62. Ra4 Bc5 63. Ra2 g4 64. Nh2 Rd1 65. Nf1 1/2-1/2

[Event "Bronshoj BSM IM 2012"]
[Site "Copenhagen DEN"]
[Date "2012.06.05"]
[Round "8.2"]
[White "Matthiesen, Arne"]
[Black "Ninov, Nikolai"]
[Result "0-1"]
[WhiteTitle "FM"]
[BlackTitle "IM"]
[WhiteElo "2337"]
[BlackElo "2471"]
[WhiteFideId "1403524"]
[BlackFideId "2900424"]
[EventDate "2012.06.01"]

1. d4 Nf6 2. Nc3 d5 3. Bg5 Nbd7 4. Qd3 h6 5. Bf4 a6 6. f3 c5 7. O-O-O e6 8. e4
cxd4 9. Qxd4 Bc5 10. Qa4 d4 11. Nb1 O-O 12. c3 e5 13. Bg3 b5 14. Qc2 Bb7 15. Nd2
dxc3 16. bxc3 Rc8 17. Kb1 Qe7 18. Nb3 Bb4 19. Ne2 Nb6 20. Ka1 Ba3 21. Na5 Ba8
22. Qb3 Na4 23. Be1 Bb2+ 24. Kb1 Nxe4 0-1

[Event "Bronshoj BSM IM 2012"]
[Site "Copenhagen DEN"]
[Date "2012.06.05"]
[Round "8.3"]
[White "Kristensen, Kaare"]
[Black "Akdag, Dara"]
[Result "1-0"]
[WhiteTitle "FM"]
[WhiteElo "2328"]
[BlackElo "2264"]
[WhiteFideId "1400940"]
[BlackFideId "1413406"]
[EventDate "2012.06.01"]

1. e4 c5 2. Nf3 d6 3. d4 cxd4 4. Nxd4 Nf6 5. Nc3 g6 6. Be3 Bg7 7. Be2 Nc6 8. Qd2
O-O 9. O-O-O Bd7 10. h4 h5 11. f3 Nxd4 12. Bxd4 b5 13. Nd5 Nxd5 14. exd5 Bxd4
15. Qxd4 Qa5 16. g4 Qxa2 17. gxh5 Bf5 18. h6 f6 19. Bd3 Rac8 20. Bxf5 gxf5 21.
Qg1+ Kf7 22. Qg7+ Ke8 23. Rhe1 Qa1+ 24. Kd2 Qa5+ 25. c3 Qd8 26. h7 Kd7 27. Ra1
Rc7 28. Re6 Kc8 29. Rae1 b4 30. Rxe7 bxc3+ 31. bxc3 Rxc3 32. Qxf8 1-0

[Event "Bronshoj BSM IM 2012"]
[Site "Copenhagen DEN"]
[Date "2012.06.05"]
[Round "8.4"]
[White "Vesterli, Michael E."]
[Black "Semcesen, Daniel"]
[Result "0-1"]
[BlackTitle "IM"]
[WhiteElo "2030"]
[BlackElo "2461"]
[WhiteFideId "1417339"]
[BlackFideId "1706993"]
[EventDate "2012.06.01"]

1. d4 e6 2. c4 b6 3. Nc3 Bb7 4. e4 Bb4 5. Bd3 f5 6. d5 fxe4 7. Bxe4 Nf6 8. Bg5
Bxc3+ 9. bxc3 O-O 10. Ne2 Na6 11. Bf3 Nc5 12. O-O h6 13. Be3 Nfe4 14. Rb1 Qe7
15. Bc1 d6 16. Qd4 exd5 17. cxd5 Rxf3 18. gxf3 Ng5 19. Qe3 Qf7 20. Nd4 Re8 21.
Qd2 Bxd5 22. Re1 Rxe1+ 23. Qxe1 Nxf3+ 24. Nxf3 Qxf3 25. Qe8+ Kh7 26. Kf1 Qd1+
27. Qe1 Bc4+ 0-1

[Event "Bronshoj BSM IM 2012"]
[Site "Copenhagen DEN"]
[Date "2012.06.05"]
[Round "8.5"]
[White "Schou-Moldt, Thomas"]
[Black "Nilssen, John Arni"]
[Result "1/2-1/2"]
[BlackTitle "IM"]
[WhiteElo "2210"]
[BlackElo "2389"]
[WhiteFideId "1401297"]
[BlackFideId "7200137"]
[EventDate "2012.06.01"]

1. e4 c5 2. Nf3 Nc6 3. d4 cxd4 4. Nxd4 g6 5. c4 Bg7 6. Be3 Nf6 7. Nc3 O-O 8. Be2
d6 9. O-O a5 10. Rb1 Nd7 11. Qd2 a4 12. b4 axb3 13. axb3 Nc5 14. b4 Ne6 15. Ndb5
f5 16. exf5 gxf5 17. f4 Rf6 18. Nd5 Rh6 19. Bf3 Kh8 20. Rfe1 Qf8 21. g3 Rb8 22.
Bf2 Ned8 23. c5 dxc5 24. Bxc5 Be6 25. Nb6 Qg8 26. Rbd1 Nf7 27. Qf2 Bb3 28. Rb1
Nd6 29. Nd4 Ba2 30. Rbc1 Nxd4 31. Bxd4 Bb3 32. Rxe7 Ne8 33. Qb2 Rxb6 34. Rxg7
Nxg7 35. Bxb6 Bd5 36. Bxd5 Qxd5 37. Bd4 Qd7 38. Be5 Rd8 39. Bxg7+ Qxg7 40. Qxg7+
Kxg7 41. Rc7+ Kg6 42. Rxb7 Rd1+ 43. Kf2 Rd2+ 44. Ke3 Rxh2 45. b5 Rb2 46. Rb8
Rb3+ 47. Kd4 Kh5 48. Ke5 h6 49. b6 Rb5+ 50. Kf6 Kg4 51. Rg8+ Kh5 52. Rb8 Kg4 53.
b7 Rb6+ 54. Ke7 Kf3 55. Kd7 Rb1 56. Kc6 Rc1+ 57. Kd5 Rb1 58. Ke5 Rb5+ 59. Kf6 h5
60. Rg8 Rxb7 61. Kxf5 Rb5+ 62. Kf6 Rb6+ 63. Ke5 Rb5+ 64. Ke6 h4 65. gxh4 Kxf4
66. Rg5 Rxg5 67. hxg5 Kxg5 1/2-1/2

[Event "Bronshoj BSM IM 2012"]
[Site "Copenhagen DEN"]
[Date "2012.06.05"]
[Round "9.1"]
[White "Akdag, Dara"]
[Black "Matthiesen, Arne"]
[Result "1/2-1/2"]
[BlackTitle "FM"]
[WhiteElo "2264"]
[BlackElo "2337"]
[WhiteFideId "1413406"]
[BlackFideId "1403524"]
[EventDate "2012.06.01"]

1. d4 Nf6 2. c4 e6 3. Nf3 d5 4. Nc3 dxc4 5. g3 c6 6. Bg2 Nbd7 7. a4 Be7 8. Nd2
e5 9. Nxc4 exd4 10. Qxd4 O-O 11. O-O Nc5 12. Qxd8 Rxd8 13. Na5 Na6 14. Bf4 Bb4
15. Nc4 Be6 16. Ne3 Nh5 17. Nc2 Nxf4 18. gxf4 Rd2 19. Nxb4 Nxb4 20. a5 Rad8 21.
Bf3 Nc2 22. Rad1 Nd4 23. Kg2 Nxf3 24. Kxf3 Bb3 25. Rxd2 Rxd2 26. Rb1 Kf8 27. Ke3
Rd6 28. Kf3 Ke7 29. Rg1 Rg6 30. Rg3 b6 31. axb6 axb6 32. e4 Rxg3+ 33. fxg3 Kd6
34. e5+ Kc5 35. Ke3 Kb4 36. f5 Kc5 37. g4 b5 38. h4 b4 39. Ne4+ Kd5 40. Kf4 c5
41. g5 Bd1 42. f6 gxf6 43. gxf6 c4 44. Ng5 c3 45. bxc3 bxc3 46. Ne4 c2 47. Nc3+
Kc4 48. Na2 Bh5 49. Nc1 Kc3 50. Kg5 Kb2 51. e6 fxe6 52. Kxh5 Kxc1 53. f7 Kb1 54.
f8=Q c1=Q 55. Qb4+ Ka2 56. Qa4+ Qa3 57. Qc2+ Qb2 58. Qc4+ Qb3 59. Qa6+ Kb2 60.
Qe2+ Ka3 61. Qa6+ Kb2 62. Qe2+ 1/2-1/2

[Event "Bronshoj BSM IM 2012"]
[Site "Copenhagen DEN"]
[Date "2012.06.05"]
[Round "9.2"]
[White "Joie, Sebastien"]
[Black "Kristensen, Kaare"]
[Result "0-1"]
[WhiteTitle "FM"]
[BlackTitle "FM"]
[WhiteElo "2298"]
[BlackElo "2328"]
[WhiteFideId "650420"]
[BlackFideId "1400940"]
[EventDate "2012.06.01"]

1. c4 c5 2. g3 Nf6 3. Bg2 Nc6 4. Nc3 e6 5. e4 d5 6. exd5 exd5 7. Nxd5 Nxd5 8.
Bxd5 Nb4 9. Be4 Be7 10. a3 Nd3+ 11. Ke2 Ne5 12. f4 Bg4+ 13. Nf3 Bxf3+ 14. Bxf3
Nxf3 15. Kxf3 Qd3+ 16. Kg2 O-O-O 17. Re1 Bf6 18. Qa4 h5 19. Re3 Qf5 20. Qxa7 h4
21. Re5 Bxe5 22. Qxc5+ Kb8 23. Qxe5+ Qxe5 24. fxe5 Rd3 25. a4 h3+ 26. Kf2 Rh5
27. Ra3 Rf5+ 28. Ke2 Rxa3 29. bxa3 Rxe5+ 30. Kf3 Re1 31. Bb2 f6 32. Kg4 Re2 33.
Kxh3 Rxd2 34. Bc3 Rc2 35. Bb4 Rxc4 36. g4 Kc7 37. Kg3 Kd7 38. h4 g6 39. a5 Ke6
40. h5 gxh5 41. gxh5 Kf5 42. h6 Kg6 43. Bd2 Rc2 44. Be3 Rc3 45. Kf2 Rxa3 46. Bd2
Ra2 47. Ke2 Rxd2+ 48. Kxd2 Kxh6 49. Kd3 f5 50. Kd4 f4 0-1

[Event "Bronshoj BSM IM 2012"]
[Site "Copenhagen DEN"]
[Date "2012.06.05"]
[Round "9.5"]
[White "Ninov, Nikolai"]
[Black "Schou-Moldt, Thomas"]
[Result "1-0"]
[WhiteTitle "IM"]
[WhiteElo "2471"]
[BlackElo "2210"]
[WhiteFideId "2900424"]
[BlackFideId "1401297"]
[EventDate "2012.06.01"]

1. e4 c5 2. Nf3 Nc6 3. d4 cxd4 4. Nxd4 g6 5. c4 Bg7 6. Be3 Nf6 7. Nc3 O-O 8. Be2
b6 9. O-O Bb7 10. Nxc6 Bxc6 11. f3 e6 12. Qd6 Ne8 13. Qd2 Nc7 14. Rfd1 Re8 15.
Rac1 d5 16. cxd5 exd5 17. b3 Qe7 18. Bg5 Qc5+ 19. Kf1 d4 20. Nd5 Bxd5 21. Rxc5
bxc5 22. exd5 Nxd5 23. Bc4 Ne3+ 24. Bxe3 Rxe3 25. Re1 Rxe1+ 26. Qxe1 Bf8 27. Qe4 1-0